000
00286nam a2200109 a 4500
005
20201002052654.0
008
150629s2011 000 spa d
020
_a
9789945868289
245
0
_a
Polibio Díaz :.
260
_a
Santo Domingo, República Dominicana,
_c
2011.
999
_c
45640
_d
45640
040
_a
DO-SdBNP